Phê phán năng lực phán đoán : mỹ học và mục đích luận = Kritik der urteilskraft /
Enregistré dans:
| Auteur principal: | |
|---|---|
| Format: | Livre |
| Langue: | Vietnamese |
| Publié: |
TRT
2007
|
| Tags: |
Ajouter un tag
Pas de tags, Soyez le premier à ajouter un tag!
|
| Thư viện lưu trữ: | Mạng thư viện Đại học Đà Nẵng |
|---|
| LEADER | 00712nam a2200265 4500 | ||
|---|---|---|---|
| 001 | 000027584 | ||
| 003 | KA-I | ||
| 005 | 20150403120000.0 | ||
| 008 | 150403s vm 000 vie | ||
| 020 | |c 0,0000 | ||
| 040 | |a notts | ||
| 100 | |a Kant, Immanuel | ||
| 245 | |a Phê phán năng lực phán đoán : mỹ học và mục đích luận = Kritik der urteilskraft / |c Immanuel Kant ; Bùi Văn Nam Sơn dịch và chú giải. | ||
| 260 | |b TRT |c 2007 | ||
| OWN | |a LTT | ||
| 999 | |a From the UDN01 | ||
| TYP | |a Monograph | ||
| TYP | |a Printed language | ||
| 980 | |a Mạng thư viện Đại học Đà Nẵng | ||